000 00865nam a22002775i 4500
005 20230831151848.0
008 200702s2020 inu 000 0 eng
010 _a 2020941635
020 _a9781119559535
_q(paperback)
040 _aDLC
_beng
_erda
_cDLC
042 _apcc
082 _a004.6782
_bPAN-M
100 1 _aPanek, Crystal,
245 1 0 _aMicrosoft azure architect technologies and design complete study guide :
_bexams az-303 and az-304 /
_cCrystal Panek.
260 _aCanada:
_bWiley,
_c2021.
263 _a2009
264 1 _aIndianapolis :
_bJohn Wiley and Sons,
_c2020.
300 _a716 pages :
336 _atext
_btxt
_2rdacontent
337 _aunmediated
_bn
_2rdamedia
338 _avolume
_bnc
_2rdacarrier
650 _aElectronic Data
906 _a0
_bibc
_corignew
_d2
_eepcn
_f20
_gy-gencatlg
999 _c33355
_d33355